Ayudándole a crecer: guía práctica de intervención educativa con niños de cero a seis años.

Bibliographic Details
Main Author: Ortega, María Jesús
Other Authors: Gómez Castro, José Luis, Martín Martín, Eladia, Zayas Mariategui, Inmaculada
Format: Libro
Language:English
Published: Madrid, España CCS 1999
Edition:2a.ed.
Series:Materiales para educadores
Subjects:
Online Access:

MARC

LEADER 00000cam a2200000 a 4500
001 015639
003 UAHC_CL
005 20170803121256.0
008 010822b xx j 000 1 eng
020 |a 8483160420 
040 |a UAHC_CL  |c UAHC_CL  |d UAHC_CL 
100 1 |a Ortega, María Jesús 
245 1 0 |a Ayudándole a crecer: guía práctica de intervención educativa con niños de cero a seis años. 
250 |a 2a.ed. 
260 |b CCS  |c 1999  |a Madrid, España 
300 |a 166 p. 
490 0 |a Materiales para educadores 
650 4 |a EDUCACION 
650 4 |a NIÑOS 
700 1 |a Gómez Castro, José Luis 
700 1 |a Martín Martín, Eladia 
700 1 |a Zayas Mariategui, Inmaculada 
900 |a 372 AYU 
942 |c BK 
952 |0 0  |1 0  |4 0  |6 372_000000000000000_AYU  |7 0  |8 General  |9 31183  |a BC  |b BC  |c General  |d 2017-08-03  |o 372 AYU  |p 1305708  |r 2026-01-13 00:00:00  |t 1  |w 2017-08-03  |y BK 
999 |c 15639  |d 15639